The Histadrut for the Oleh = ha-Histadrut la-ʻoleh.

Saved in:
Bibliographic Details
Corporate Author: Histadrut ha-kelalit shel ha-ʻovdim be-Erets-Yiśraʼel.
Format: Book
Language:English
Published: [Jerusalem?] : The Histadrut, 1989.
Subjects:
Tags: Add Tag
No Tags, Be the first to tag this record!
LEADER 00803nam a22002537a 4500
001 014270357-5
005 20150220113231.0
008 141207s1989 is 000 0 eng d
035 0 |a ocn904318811 
035 |a (IsJeAIW)wb20149068826 
040 |a IsJeAIW  |c IsJeAIW 
245 0 4 |a The Histadrut for the Oleh =  |b ha-Histadrut la-ʻoleh. 
246 3 |a Histadrut la-ʻoleh 
260 |a [Jerusalem?] :  |b The Histadrut,  |c 1989. 
300 |a 7 p. :  |b ill. ;  |c 21 cm. 
500 |a Cover title. 
610 2 0 |a Histadrut ha-kelalit shel ha-ʻovdim be-Erets-Yiśraʼel. 
650 0 |a Immigrants  |z Israel. 
651 0 |a Israel  |x Emigration and immigration. 
710 2 |a Histadrut ha-kelalit shel ha-ʻovdim be-Erets-Yiśraʼel. 
752 |a Israel  |d Jerusalem 
899 |a 415_560092 
988 |a 20141231 
906 |0 VEN